All symbols of chemical elements in alphabetic order - Statistics

General Stats
  • This quiz has been taken 316 times
  • The average score is 60 of 118
Answer Stats
First letter Symbol Full name % Correct
B B Boron
93%
C C Carbon
90%
A Ac Actinium
89%
B Ba Barium
89%
B Be Beryllium
89%
A Au Gold
88%
C Ca Calcium
88%
A Ag Silver
85%
A Al Aluminum
85%
F F Fluorine
85%
A Ar Argon
84%
A As Arsenic
83%
A At Astatine
83%
C Cd Cadmium
82%
C Ce Cerium
82%
C Cl Chlorine
82%
A Am Americium
81%
C Cu Copper
81%
H H Hydrogen
81%
B Bi Bismuth
80%
C Co Cobalt
80%
C Cr Chromium
80%
C Cs Cesium
80%
B Bh Bohrium
79%
B Br Bromine
79%
C Cm Curium
79%
C Cn Copernicium
79%
G Ga Gallium
79%
H He Helium
79%
C Cf Californium
78%
B Bk Berkelium
74%
F Fe Iron
74%
I I Iodine
74%
K K Potassium
74%
D Db Dubnium
71%
F Fl Flerovium
71%
G Gd Gadolinium
69%
H Hf Hafnium
69%
D Dy Dysprosium
67%
E Es Einsteinium
67%
F Fm Fermium
67%
F Fr Francium
67%
H Hg Mercury
67%
D Ds Darmstadtium
66%
E Eu Europium
66%
G Ge Germanium
66%
E Er Erbium
65%
L La Lanthanum
65%
H Ho Holmium
64%
I Ir Iridium
63%
I In Indium
61%
H Hs Hassium
59%
K Kr Krypton
59%
L Li Lithium
57%
O O Oxygen
53%
N N Nitrogen
52%
M Mg Magnesium
51%
M Mc Moscovium
50%
M Md Mendelevium
50%
L Lu Lutetium
49%
N Na Sodium
49%
L Lv Livermorium
48%
P P Phosphorus
48%
L Lr Lawrencium
47%
N Nb Niobium
45%
M Mn Manganese
44%
N Ne Neon
44%
P Pa Protactinium
44%
M Mo Molybdenum
43%
N Nd Neodymium
43%
M Mt Meitnerium
39%
N Nh Nihonium
37%
N Ni Nickel
37%
O Os Osmium
35%
P Pb Lead
35%
N No Nobelium
33%
O Og Oganesson
32%
R Ra Radium
32%
N Np Neptunium
31%
P Pd Palladium
31%
S S Sulfur
30%
Y Y Yttrium
30%
X Xe Xenon
29%
R Rb Rubidium
28%
W W Tungsten
28%
P Pt Platinum
26%
R Re Rhenium
26%
V V Vanadium
26%
P Pr Praseodymium
25%
U U Uranium
25%
Z Zn Zinc
25%
P Pm Promethium
24%
P Po Polonium
24%
P Pu Plutonium
23%
R Rf Rutherfordium
22%
R Rg Roentgenium
21%
S Sb Antimony
21%
Y Yb Ytterbium
21%
T Ta Tantalum
20%
Z Zr Zirconium
20%
R Rh Rhodium
19%
S Sc Scandium
18%
S Se Selenium
17%
S Sg Seaborgium
17%
S Si Silicon
17%
R Rn Radon
16%
R Ru Ruthenium
15%
S Sm Samarium
15%
S Sn Tin
15%
T Tb Terbium
14%
T Tc Technetium
14%
T Te Tellurium
14%
T Ti Titanium
14%
S Sr Strontium
13%
T Th Thorium
13%
T Tl Thallium
12%
T Tm Thulium
11%
T Ts Tennessine
10%
No matching quizzes found
Score Distribution
Percent of People with Each Score
Percentile by Number Answered
Your Score History
You have not taken this quiz